[Event "4NCL Division 2b"]
[Site "Hinckley Island ENG"]
[Date "2015.01.11"]
[Round "4.10"]
[White "Slade, Theo"]
[Black "Prior, Stephen"]
[Result "0-1"]
[WhiteElo "1879"]
[BlackElo "2028"]
[PlyCount "88"]
[EventDate "2015.01.11"]

1. e4 c5 2. Nf3 d6 3. d4 cxd4 4. Nxd4 Nf6 5. f3 e5 6. Nb3 d5 7. Bg5 Be6 8. Bxf6
gxf6 9. exd5 Qxd5 10. Qxd5 Bxd5 11. Nc3 Bc6 12. O-O-O Nd7 13. Na5 Bb4 14. Nxc6
Bxc3 15. bxc3 bxc6 16. Rd6 Rc8 17. Ba6 Rc7 18. Rhd1 Ke7 19. Bf1 Nb6 20. R6d3
Rb8 21. g3 Rcb7 22. Bh3 Ke8 23. Kd2 Nc4+ 24. Ke2 Rb2 25. Rd7 Rxc2+ 26. Kd3 Na3
27. Rxa7 Rd8+ 28. Ke4 Rxd1 29. Rxa3 Rxh2 30. Bc8 Rdd2 31. Ra8 Rxa2 32. Bb7+
Rxa8 33. Bxc6+ Ke7 34. Bxa8 h5 35. f4 Rg2 36. fxe5 fxe5 37. Kxe5 Rxg3 38. c4 h4
39. Bd5 h3 40. Kf4 Rc3 41. Bf3 h2 42. Bd5 Rc1 43. Ke5 h1=Q 44. Bxh1 Rxh1 0-1

[Event "4NCL Division 2b"]
[Site "Hinckley Island ENG"]
[Date "2015.01.11"]
[Round "4.11"]
[White "Batchelor, Guy J"]
[Black "Weller, Pierre"]
[Result "1/2-1/2"]
[WhiteElo "1851"]
[BlackElo "2067"]
[PlyCount "50"]
[EventDate "2015.01.11"]

1. b3 e5 2. Bb2 Nc6 3. c4 d6 4. e3 g6 5. Nf3 Bg7 6. d3 Bg4 7. Be2 Nge7 8. h3
Be6 9. Qd2 O-O 10. Nc3 d5 11. cxd5 Nxd5 12. Nxd5 Qxd5 13. O-O Rfd8 14. Qc3 h6
15. Rfd1 Rd7 16. Ne1 Qa5 17. Qxa5 Nxa5 18. Bf3 Bd5 19. Bxd5 Rxd5 20. Kf1 Rad8
21. Ke2 c5 22. Rac1 b6 23. Rc2 Nc6 24. a3 a5 25. Rb1 Re8 1/2-1/2

[Event "4NCL Division 2b"]
[Site "Hinckley Island ENG"]
[Date "2015.01.11"]
[Round "4.12"]
[White "Lewyk, Ihor"]
[Black "Parmar, Amisha"]
[Result "1/2-1/2"]
[WhiteElo "2057"]
[BlackElo "1949"]
[PlyCount "39"]
[EventDate "2015.01.11"]

1. Nf3 Nf6 2. d4 g6 3. Bg5 Bg7 4. Nbd2 d5 5. e3 O-O 6. Bd3 c5 7. c3 Nbd7 8. O-O
h6 9. Bh4 Re8 10. Bb5 g5 11. Bg3 Qa5 12. Qa4 Qxa4 13. Bxa4 Rf8 14. Ne5 Nxe5 15.
Bxe5 cxd4 16. exd4 Bf5 17. Rfe1 Rfc8 18. Bb3 e6 19. Rac1 Ne4 20. Bxg7 1/2-1/2

[Event "4NCL Division 2b"]
[Site "Hinckley Island ENG"]
[Date "2015.01.11"]
[Round "4.15"]
[White "O'Toole, George E"]
[Black "Tippleston, Charles"]
[Result "1-0"]
[WhiteElo "2242"]
[BlackElo "2137"]
[PlyCount "49"]
[EventDate "2015.01.11"]

1. e4 c5 2. c3 d5 3. exd5 Qxd5 4. d4 Nf6 5. Nf3 Nc6 6. dxc5 Qxd1+ 7. Kxd1 Bf5
8. Bb5 e5 9. b4 a5 10. a3 axb4 11. cxb4 O-O-O+ 12. Bd2 Ne4 13. Ke1 Nxd2 14.
Nbxd2 Be7 15. Nc4 Kc7 16. Rd1 Rxd1+ 17. Kxd1 Rd8+ 18. Kc1 e4 19. Bxc6 bxc6 20.
Nfd2 Be6 21. Rd1 Rd4 22. Nd6 Bd5 23. Nf5 Bf6 24. Nxd4 Bxd4 25. Nxe4 1-0

[Event "4NCL Division 2b"]
[Site "Hinckley Island ENG"]
[Date "2015.01.11"]
[Round "4.16"]
[White "Habershon, Paul"]
[Black "Navarro Cia, Miguel"]
[Result "0-1"]
[WhiteElo "2115"]
[BlackElo "2270"]
[PlyCount "84"]
[EventDate "2015.01.11"]

1. e4 Nf6 2. Nc3 d5 3. e5 Nfd7 4. f4 c5 5. Nf3 Nc6 6. Be2 e6 7. O-O Be7 8. d4
a6 9. Be3 b5 10. Qd2 O-O 11. Kh1 Bb7 12. Nd1 b4 13. Nf2 a5 14. Rae1 Qb6 15.
dxc5 Bxc5 16. Bxc5 Nxc5 17. Nd4 Na4 18. Nxc6 Qxc6 19. Nd3 Rfc8 20. Rc1 Ba6 21.
f5 exf5 22. Rxf5 Bxd3 23. Qxd3 Nxb2 24. Qf3 Ra7 25. Rf1 Qe6 26. Qe3 Re7 27. Bg4
Rce8 28. Qd4 Nc4 29. Rxf7 Qxe5 30. Rxe7 Rxe7 31. Qf2 Qf6 32. Qg1 Qb6 33. Bf3
Qxg1+ 34. Kxg1 Ne3 35. Rf2 d4 36. Rd2 Rd7 37. Kf2 Kf7 38. Ke2 Kf6 39. g3 Ke5
40. Kd3 Rc7 41. Bd1 Rc3+ 42. Ke2 Ra3 0-1

[Event "4NCL Division 2b"]
[Site "Hinckley Island ENG"]
[Date "2015.01.11"]
[Round "4.17"]
[White "Moss, Guy"]
[Black "Brown, Alan"]
[Result "1-0"]
[WhiteElo "2016"]
[BlackElo "2097"]
[PlyCount "59"]
[EventDate "2015.01.11"]

1. e4 e6 2. d4 d5 3. e5 c5 4. c3 Qb6 5. Nf3 Nc6 6. a3 c4 7. Be2 Bd7 8. O-O Nge7
9. Nbd2 Na5 10. Qe1 Ba4 11. Bd1 Bxd1 12. Qxd1 Nec6 13. Rb1 Be7 14. b3 cxb3 15.
Nxb3 Nxb3 16. Rxb3 Qa6 17. Rb1 h6 18. Nd2 Rb8 19. Qg4 g6 20. Bb2 Na5 21. f4 Qd3
22. Qd1 O-O 23. Rf3 Qa6 24. g4 Nc4 25. Nxc4 Qxc4 26. f5 Rfc8 27. Kh1 Rc6 28.
fxg6 fxg6 29. Qc2 Kg7 30. Rbf1 1-0

[Event "4NCL Division 2b"]
[Site "Hinckley Island ENG"]
[Date "2015.01.11"]
[Round "4.18"]
[White "Fraser Mitchell, Jeremy"]
[Black "Berry, Neil"]
[Result "0-1"]
[WhiteElo "2067"]
[BlackElo "2225"]
[PlyCount "122"]
[EventDate "2015.01.11"]

1. d4 Nf6 2. Nc3 d5 3. e4 dxe4 4. f3 exf3 5. Nxf3 Bg4 6. h3 Bxf3 7. Qxf3 c6 8.
Qf2 e6 9. Bd3 Nbd7 10. O-O Qc7 11. Ne4 O-O-O 12. Ng5 Nb6 13. c4 h6 14. Bf4 Bd6
15. Bxd6 Rxd6 16. Nf3 Rdd8 17. b4 Nh5 18. Ne5 f6 19. Ng6 Rhe8 20. a4 Qg3 21.
Qxg3 Nxg3 22. Rf3 Nf5 23. Bxf5 exf5 24. c5 Nd5 25. b5 Re3 26. bxc6 bxc6 27.
Rxe3 Nxe3 28. Re1 Nc2 29. Re7 Rd7 30. Re8+ Kb7 31. Nf8 Rxd4 32. Re7+ Ka6 33.
Nd7 Ka5 34. Nb8 Kxa4 35. Rxa7+ Kb5 36. Rxg7 Kxc5 37. Nd7+ Kb4 38. Nxf6 c5 39.
Rb7+ Kc3 40. Nh5 Ne3 41. Kf2 Nd5 42. Ng3 Rd2+ 43. Kf3 Rd3+ 44. Kf2 f4 45. Ne2+
Kc4 46. Rf7 Rd2 47. Kf3 Rd3+ 48. Kf2 Kb5 49. Nxf4 Nxf4 50. Rxf4 c4 51. Ke2 Rd6
52. Rf8 c3 53. Rb8+ Kc4 54. g4 c2 55. Rc8+ Kb3 56. Rb8+ Ka2 57. Ra8+ Kb1 58.
Rb8+ Kc1 59. h4 Rd4 60. Rb6 Rxg4 61. Rxh6 Rb4 0-1

[Event "4NCL Division 2b"]
[Site "Hinckley Island ENG"]
[Date "2015.01.11"]
[Round "4.19"]
[White "Stewart, Ashley"]
[Black "Smith, Graham"]
[Result "0-1"]
[WhiteElo "2084"]
[BlackElo "2038"]
[PlyCount "88"]
[EventDate "2015.01.11"]

1. d4 Nf6 2. c4 e6 3. Nf3 d5 4. Bg5 Bb4+ 5. Nc3 dxc4 6. Qa4+ Nc6 7. a3 Bxc3+ 8.
bxc3 Qd5 9. Bxf6 gxf6 10. Nd2 b5 11. Qc2 f5 12. e4 fxe4 13. Nxe4 Qf5 14. g4 Qf4
15. Bg2 Bb7 16. Rb1 a6 17. g5 O-O-O 18. Nc5 Ba8 19. Qe4 Qxg5 20. Nxa6 Rhg8 21.
Bf3 Rd5 22. h4 Qf5 23. Qxf5 Rxf5 24. Be4 Rf4 25. Bxh7 Rh8 26. Rg1 Rxh7 27. Rg8+
Kb7 28. Nc5+ Ka7 29. Rxb5 Rfxh4 30. Rc8 f5 31. Kd2 Re7 32. a4 Rh1 33. a5 Ra1
34. a6 Ra5 35. Rb2 e5 36. d5 Rxc5 37. dxc6 Bxc6 38. Rcb8 Ra5 39. Rf8 f4 40. Rf6
Rd7+ 41. Kc1 Be4 42. Rd2 Ra1+ 43. Kb2 Rxd2+ 44. Kxa1 Rxf2 0-1

[Event "4NCL Division 2b"]
[Site "Hinckley Island ENG"]
[Date "2015.01.11"]
[Round "4.20"]
[White "Freeman, Richard"]
[Black "Hodgson, John"]
[Result "1/2-1/2"]
[WhiteElo "2041"]
[BlackElo "2111"]
[PlyCount "54"]
[EventDate "2015.01.11"]

1. f4 g6 2. Nf3 Bg7 3. Nc3 c5 4. e4 Nc6 5. Bb5 Nd4 6. Bd3 Nf6 7. Nxd4 cxd4 8.
Ne2 Qb6 9. h3 O-O 10. c3 dxc3 11. dxc3 d6 12. Ng3 Bd7 13. Qe2 Bc6 14. Be3 Qc7
15. O-O b5 16. Rae1 Rad8 17. Bc1 Qb7 18. Nh1 Nd7 19. g4 Nc5 20. Bb1 b4 21. c4
f5 22. Ng3 fxe4 23. Nxe4 Bd4+ 24. Kh2 Nxe4 25. Bxe4 Bxe4 26. Qxe4 Qxe4 27. Rxe4
e5 1/2-1/2

[Event "4NCL Division 2b"]
[Site "Hinckley Island ENG"]
[Date "2015.01.11"]
[Round "4.21"]
[White "Keen, Cosima"]
[Black "Grieve, Harry"]
[Result "1/2-1/2"]
[WhiteElo "1805"]
[BlackElo "1912"]
[PlyCount "46"]
[EventDate "2015.01.11"]

1. d4 d5 2. Nf3 Nf6 3. Bf4 e6 4. e3 Bd6 5. Bg3 c5 6. Bb5+ Nc6 7. Bxd6 Qxd6 8.
O-O cxd4 9. exd4 O-O 10. c3 Bd7 11. Re1 Ne7 12. Bd3 Ng6 13. g3 Rfe8 14. Ne5 Qb6
15. Qc2 Bb5 16. Bxb5 Qxb5 17. Nxg6 hxg6 18. Nd2 Rac8 19. Nb3 Nd7 20. f4 Nf6 21.
Nc5 b6 22. Nd3 Ne4 23. Ne5 Rc7 1/2-1/2

[Event "4NCL Division 2b"]
[Site "Hinckley Island ENG"]
[Date "2015.01.11"]
[Round "4.22"]
[White "Elwin, Adrian"]
[Black "Goldie, Thomas"]
[Result "1/2-1/2"]
[WhiteElo "2005"]
[BlackElo "1991"]
[PlyCount "158"]
[EventDate "2015.01.11"]

1. d4 Nf6 2. c4 g6 3. Nc3 Bg7 4. e4 d6 5. Be2 O-O 6. Nf3 e5 7. dxe5 dxe5 8.
Qxd8 Rxd8 9. Bg5 Re8 10. O-O-O Na6 11. Nd2 c6 12. h4 Nc5 13. Rdg1 Ne6 14. Be3
Nd4 15. Bd1 Ng4 16. Bxg4 Bxg4 17. f3 Be6 18. h5 b5 19. hxg6 hxg6 20. g3 Bxc4
21. Nxc4 bxc4 22. f4 Nb5 23. f5 a5 24. g4 gxf5 25. gxf5 f6 26. Rg6 Re7 27. Na4
Nd4 28. Nb6 Rb8 29. Nxc4 Rb4 30. b3 a4 31. Bxd4 exd4 32. e5 axb3 33. axb3 Rxb3
34. exf6 Rc3+ 35. Kd2 Rf7 36. fxg7 Rxg7 37. Rhg1 Rxg6 38. Rxg6+ Kf7 39. Rxc6
Ke7 40. f6+ Kf8 41. Rc8+ Kf7 42. Nd6+ Ke6 43. Rh8 Kxf6 44. Ne4+ Kg7 45. Rd8 Rh3
46. Rxd4 Kg6 47. Nf2 Rf3 48. Ke2 Rg3 49. Rf4 Ra3 50. Nd3 Kg5 51. Rf8 Ra2+ 52.
Ke3 Ra3 53. Rf1 Kg4 54. Ke4 Ra4+ 55. Kd5 Ra3 56. Ne5+ Kg3 57. Rf8 Rb3 58. Nc4
Rb4 59. Kd4 Ra4 60. Kd3 Kg4 61. Ne5+ Kg5 62. Nf3+ Kg6 63. Nd4 Ra3+ 64. Ke4 Ra4
65. Rf1 Ra5 66. Nc6 Ra4+ 67. Ke5 Kg5 68. Rf8 Kg4 69. Nd4 Ra5+ 70. Ke4 Kg5 71.
Nf3+ Kg6 72. Ne5+ Kg7 73. Rf7+ Kg8 74. Rc7 Ra4+ 75. Kf5 Ra6 76. Ng4 Kf8 77. Nf6
Ra5+ 78. Kg6 Rg5+ 79. Kh6 Rg6+ 1/2-1/2

[Event "4NCL Division 2b"]
[Site "Hinckley Island ENG"]
[Date "2015.01.11"]
[Round "4.25"]
[White "Pleasants, Allan J"]
[Black "Lund, Brett"]
[Result "1/2-1/2"]
[WhiteElo "2117"]
[BlackElo "2264"]
[PlyCount "44"]
[EventDate "2015.01.11"]

1. d4 d6 2. e4 Nf6 3. Nc3 c6 4. Nf3 Bg4 5. Be2 e6 6. h3 Bxf3 7. Bxf3 d5 8. O-O
Be7 9. Bg5 O-O 10. e5 Nfd7 11. Bxe7 Qxe7 12. b3 c5 13. Nb5 a6 14. Nc7 Ra7 15.
c4 Qd8 16. Nxd5 exd5 17. cxd5 cxd4 18. Qxd4 b6 19. Bg4 Re8 20. Rfe1 Nf8 21.
Rad1 g6 22. f4 Nbd7 1/2-1/2

[Event "4NCL Division 2b"]
[Site "Hinckley Island ENG"]
[Date "2015.01.11"]
[Round "4.26"]
[White "Ivell, Nicholas"]
[Black "Lock, Gavin R"]
[Result "0-1"]
[WhiteElo "2252"]
[BlackElo "2144"]
[PlyCount "72"]
[EventDate "2015.01.11"]

1. e4 e6 2. d4 d5 3. e5 c5 4. c3 Qb6 5. Nf3 Nc6 6. a3 Nh6 7. b4 cxd4 8. cxd4
Nf5 9. Bb2 Be7 10. Bd3 a5 11. b5 a4 12. Be2 O-O 13. O-O Na5 14. Nc3 Nc4 15.
Bxc4 dxc4 16. d5 exd5 17. Qxd5 Be6 18. Qe4 Rfd8 19. Rad1 h6 20. Qe2 Bc5 21. Qc2
Nd4 22. Nxd4 Bxd4 23. Nxa4 Qxb5 24. Rxd4 Rxd4 25. Bxd4 Qxa4 26. Qe4 Qxa3 27.
Qxb7 Rc8 28. h3 Qd3 29. Be3 c3 30. Bc1 c2 31. Qb4 Rc4 32. Qb2 Re4 33. Be3 Rc4
34. Qb8+ Rc8 35. Qd6 Qe4 36. Bc1 Bc4 0-1

[Event "4NCL Division 2b"]
[Site "Hinckley Island ENG"]
[Date "2015.01.11"]
[Round "4.27"]
[White "Gregory, Keith DF"]
[Black "Carleton, John J"]
[Result "1/2-1/2"]
[WhiteElo "2028"]
[BlackElo "2254"]
[PlyCount "56"]
[EventDate "2015.01.11"]

1. Nf3 d5 2. c4 e6 3. g3 Nf6 4. Bg2 dxc4 5. Qa4+ Nbd7 6. Qxc4 a6 7. O-O b5 8.
Qc2 Bb7 9. d3 c5 10. b3 Be7 11. Bb2 O-O 12. Nbd2 Qc7 13. Rac1 Rac8 14. Qb1 Rfd8
15. Qa1 Ne8 16. Rc2 Bf6 17. Rfc1 Bxb2 18. Qxb2 Nef6 19. a4 Qd6 20. axb5 axb5
21. d4 Ne4 22. Ne5 Nxe5 23. Bxe4 Bxe4 24. Nxe4 Qxd4 25. Qxd4 Rxd4 26. Rxc5 Rxc5
27. Rxc5 f6 28. f3 b4 1/2-1/2

[Event "4NCL Division 2b"]
[Site "Hinckley Island ENG"]
[Date "2015.01.11"]
[Round "4.28"]
[White "Mitchell, Martin"]
[Black "Tunks, Dominic R"]
[Result "0-1"]
[WhiteElo "2188"]
[BlackElo "2050"]
[PlyCount "60"]
[EventDate "2015.01.11"]

1. d4 Nf6 2. c4 e6 3. Nc3 Bb4 4. Nf3 Bxc3+ 5. bxc3 d6 6. Qc2 Qe7 7. e4 e5 8.
Bd3 O-O 9. O-O Nc6 10. c5 Bg4 11. d5 Na5 12. cxd6 cxd6 13. Nd2 Qc7 14. Nb3 Nxb3
15. axb3 a5 16. Bd2 Bd7 17. Bg5 Rfc8 18. Rac1 Ne8 19. f4 h6 20. fxe5 hxg5 21.
e6 fxe6 22. e5 Qc5+ 23. Kh1 dxe5 24. Bh7+ Kh8 25. Rf7 exd5 26. Rcf1 e4 27. Bxe4
Nf6 28. Bxd5 Be8 29. R1xf6 Bxf7 30. Bxf7 Qxc3 0-1

[Event "4NCL Division 2b"]
[Site "Hinckley Island ENG"]
[Date "2015.01.11"]
[Round "4.29"]
[White "de Coverly, Roger D"]
[Black "Jackson, Sheila"]
[Result "1/2-1/2"]
[WhiteElo "2002"]
[BlackElo "2140"]
[PlyCount "93"]
[EventDate "2015.01.11"]

1. e4 e5 2. Nf3 Nc6 3. Bb5 a6 4. Ba4 Nf6 5. O-O Be7 6. Re1 b5 7. Bb3 d6 8. c3
O-O 9. d4 Bg4 10. d5 Na5 11. Bc2 c6 12. dxc6 Qc7 13. h3 Bc8 14. Nbd2 Qxc6 15.
Nf1 h6 16. a4 Be6 17. Ng3 Rfe8 18. Nd2 Bf8 19. Qf3 b4 20. cxb4 Qxc2 21. bxa5
Rab8 22. Ndf1 Rb3 23. Ne3 Qc5 24. Ngf5 Bxf5 25. Qxf5 Qxa5 26. Rd1 Re6 27. Bd2
Qd8 28. Bc3 g6 29. Qf3 Qb6 30. Nd5 Nxd5 31. Rxd5 Be7 32. Qe2 Qc6 33. Ra5 Rb6
34. Rc1 Qb7 35. b4 Bg5 36. Rc2 Re8 37. b5 axb5 38. Rxb5 Rxb5 39. Qxb5 Qxb5 40.
axb5 Rb8 41. Rb2 Bd8 42. Kf1 f5 43. f3 Kf7 44. Ke2 Ke6 45. Kd3 d5 46. Bd2 h5
47. Be3 1/2-1/2

[Event "4NCL Division 2b"]
[Site "Hinckley Island ENG"]
[Date "2015.01.11"]
[Round "4.31"]
[White "Bellers, Christopher JV"]
[Black "Ackley, Peter J"]
[Result "1/2-1/2"]
[WhiteElo "2026"]
[BlackElo "2038"]
[PlyCount "48"]
[EventDate "2015.01.11"]

1. c4 g6 2. g3 Bg7 3. Bg2 d6 4. Nc3 f5 5. d3 Nf6 6. e4 fxe4 7. dxe4 O-O 8. Nge2
c5 9. O-O Nc6 10. f4 Ne8 11. Be3 Nc7 12. e5 dxe5 13. Bxc5 Ne6 14. Be3 Ned4 15.
h3 Nxe2+ 16. Nxe2 Qxd1 17. Raxd1 exf4 18. Nxf4 Bxb2 19. Bd5+ Kg7 20. Ne6+ Bxe6
21. Bxe6 Rxf1+ 22. Rxf1 Nd8 23. Bd5 Be5 24. Bc5 Bf6 1/2-1/2

[Event "4NCL Division 2b"]
[Site "Hinckley Island ENG"]
[Date "2015.01.11"]
[Round "4.32"]
[White "Robertson, David J"]
[Black "Zhou, Yang-Jian"]
[Result "1-0"]
[WhiteElo "1945"]
[BlackElo "1902"]
[PlyCount "83"]
[EventDate "2015.01.11"]

1. e4 c5 2. Nf3 g6 3. d4 cxd4 4. Nxd4 Bg7 5. Nc3 Nc6 6. Be3 d6 7. Qd2 Nf6 8. f3
O-O 9. O-O-O Nxd4 10. Bxd4 Be6 11. Nd5 Rc8 12. Nxf6+ exf6 13. Kb1 Qc7 14. Rc1
d5 15. exd5 Bxd5 16. Bd3 Rfd8 17. Qf2 Qa5 18. b3 Qb4 19. c3 Qd6 20. h4 a5 21.
h5 a4 22. bxa4 Qa3 23. Bb5 Ra8 24. hxg6 fxg6 25. Bc5 Bxa2+ 26. Qxa2+ Qxa2+ 27.
Kxa2 Rd2+ 28. Kb3 Rxg2 29. Bc4+ Kh8 30. Rcg1 Rxg1 31. Rxg1 g5 32. Bd5 Ra5 33.
Kb4 b6 34. Re1 Rxc5 35. Re8+ Bf8 36. Rxf8+ Kg7 37. Rg8+ Kh6 38. c4 f5 39. Rb8
Kg7 40. Rxb6 Rxd5 41. cxd5 g4 42. fxg4 1-0

[Event "4NCL Division 2b"]
[Site "Birmingham ENG"]
[Date "2015.02.14"]
[Round "5.251"]
[White "Lund, Brett"]
[Black "Snuverink, Jochem"]
[Result "1/2-1/2"]
[WhiteElo "2258"]
[BlackElo "2360"]
[PlyCount "39"]
[EventDate "2015.02.14"]

1. g3 Nf6 2. Bg2 d5 3. Nf3 Bf5 4. d3 e6 5. O-O h6 6. Nbd2 Bc5 7. Qe1 O-O 8. e4
Bh7 9. Qe2 Nc6 10. c3 dxe4 11. dxe4 a6 12. b4 Ba7 13. a4 e5 14. Ba3 Re8 15. h3
Nb8 16. Nh4 Qd7 17. b5 Qe6 18. Nf5 Nbd7 19. bxa6 bxa6 20. Qc4 1/2-1/2

[Event "4NCL Division 2b"]
[Site "Birmingham ENG"]
[Date "2015.02.14"]
[Round "5.252"]
[White "McMichael, Richard J"]
[Black "Ivell, Nicholas"]
[Result "1/2-1/2"]
[WhiteElo "2175"]
[BlackElo "2237"]
[PlyCount "31"]
[EventDate "2015.02.14"]

1. d4 d5 2. Nf3 e6 3. Bg5 Be7 4. Bxe7 Qxe7 5. Nbd2 Nf6 6. e3 O-O 7. Bd3 c5 8.
c3 Nc6 9. Ne5 Nxe5 10. dxe5 Nd7 11. f4 f6 12. exf6 Nxf6 13. O-O e5 14. Qc2 e4
15. Be2 c4 16. b4 1/2-1/2

[Event "4NCL Division 2b"]
[Site "Birmingham ENG"]
[Date "2015.02.14"]
[Round "5.253"]
[White "Carleton, John J"]
[Black "Lewis, Alex"]
[Result "1-0"]
[WhiteElo "2245"]
[BlackElo "2168"]
[PlyCount "41"]
[EventDate "2015.02.14"]

1. d4 Nf6 2. c4 g6 3. Nc3 Bg7 4. e4 d6 5. f4 O-O 6. Nf3 c5 7. dxc5 Qa5 8. Bd3
Qxc5 9. Qe2 Nc6 10. Be3 Qa5 11. Rc1 a6 12. O-O Ng4 13. Bd2 Nd4 14. Nxd4 Bxd4+
15. Kh1 Qh5 16. h3 Nf2+ 17. Rxf2 Bxf2 18. Qxf2 Bxh3 19. Kg1 Be6 20. f5 Bd7 21.
Be2 1-0

[Event "4NCL Division 2b"]
[Site "Birmingham ENG"]
[Date "2015.02.14"]
[Round "5.254"]
[White "Mackenzie, Colin"]
[Black "Mitchell, Martin"]
[Result "0-1"]
[WhiteElo "2051"]
[BlackElo "2172"]
[PlyCount "52"]
[EventDate "2015.02.14"]

1. c4 Nf6 2. g3 e6 3. Bg2 d5 4. Nf3 c5 5. O-O Nc6 6. cxd5 Nxd5 7. Nc3 Be7 8. d3
O-O 9. Bd2 b6 10. Rc1 Bb7 11. Qa4 Rc8 12. Nxd5 exd5 13. d4 Re8 14. Bh3 Ra8 15.
Be3 c4 16. b3 Nb4 17. Ne5 a6 18. bxc4 dxc4 19. Ra1 b5 20. Qd1 Nd5 21. Qc2 Bd6
22. Bc1 Bxe5 23. dxe5 Rxe5 24. Bg2 Qe7 25. Re1 Re8 26. Bf1 Qc5 0-1

[Event "4NCL Division 2b"]
[Site "Birmingham ENG"]
[Date "2015.02.14"]
[Round "5.5"]
[White "Bremner, Adam"]
[Black "O'Toole, George E"]
[Result "1/2-1/2"]
[WhiteElo "2188"]
[BlackElo "2246"]
[PlyCount "88"]
[EventDate "2015.02.14"]

1. d4 Nf6 2. c4 c5 3. d5 b5 4. cxb5 a6 5. bxa6 g6 6. Nc3 Bxa6 7. Nf3 Bg7 8. e4
Bxf1 9. Kxf1 d6 10. g3 O-O 11. Kg2 Nbd7 12. a4 Qb6 13. Qc2 Rfb8 14. Ra3 Ng4 15.
Nb5 Nge5 16. Nd2 Qb7 17. f4 Ng4 18. h3 Nh6 19. g4 Kf8 20. g5 Ng8 21. Nc4 Nb6
22. b3 h6 23. h4 Ra6 24. Bb2 Bxb2 25. Qxb2 h5 26. Rf1 Nxc4 27. bxc4 Rba8 28.
Qc2 e6 29. Kh2 Re8 30. e5 exd5 31. Raf3 Ne7 32. f5 Nxf5 33. Rxf5 gxf5 34. Nxd6
Rxd6 35. exd6 Re4 36. Qf2 d4 37. Re1 Rxe1 38. Qxe1 Qb2+ 39. Kg1 d3 40. Qe7+ Kg8
41. d7 Qd4+ 42. Kf1 Qf4+ 43. Ke1 Qc1+ 44. Kf2 Qf4+ 1/2-1/2

[Event "4NCL Division 2b"]
[Site "Birmingham ENG"]
[Date "2015.02.14"]
[Round "5.6"]
[White "Chapman, Terry"]
[Black "Murphy, Hugh W"]
[Result "1-0"]
[WhiteElo "2262"]
[BlackElo "2169"]
[PlyCount "63"]
[EventDate "2015.02.14"]

1. d4 d5 2. Nf3 Nf6 3. c4 e6 4. g3 Bb4+ 5. Bd2 Be7 6. Bg2 c6 7. O-O Nbd7 8. Qc2
O-O 9. Rd1 a5 10. Bf4 Nh5 11. Bc1 f5 12. Ne5 g5 13. Nd3 Bd6 14. e3 Nhf6 15. Nd2
Qe8 16. Nf3 Qh5 17. b3 Ne4 18. Nfe5 Rf6 19. Bb2 Rh6 20. h3 Nf8 21. a3 Ng6 22.
g4 fxg4 23. Nxg4 Nh4 24. Nxh6+ Qxh6 25. Ne5 Bxe5 26. dxe5 g4 27. Bxe4 dxe4 28.
Qxe4 Nf3+ 29. Kf1 Qxh3+ 30. Ke2 Qg2 31. Rd8+ Kg7 32. Qf4 1-0

[Event "4NCL Division 2b"]
[Site "Birmingham ENG"]
[Date "2015.02.14"]
[Round "5.7"]
[White "Varnam, Liam D"]
[Black "Coleman, David"]
[Result "1/2-1/2"]
[WhiteElo "2123"]
[BlackElo "2231"]
[PlyCount "123"]
[EventDate "2015.02.14"]

1. c4 c5 2. g3 Nc6 3. Bg2 g6 4. Nc3 Bg7 5. a3 d6 6. Rb1 a5 7. Nf3 e5 8. O-O
Nge7 9. d3 O-O 10. Ne1 f5 11. f4 Kh8 12. Nc2 Be6 13. Nd5 Ra7 14. b4 axb4 15.
axb4 b6 16. b5 Bxd5 17. cxd5 Nb8 18. Na3 exf4 19. gxf4 Nd7 20. Nc4 Nf6 21. e4
Nc8 22. Qf3 fxe4 23. dxe4 Nh5 24. Be3 Raf7 25. Qg4 Bh6 26. f5 Bxe3+ 27. Nxe3
Nf6 28. Qh4 g5 29. Qxg5 Qe8 30. Qf4 Re7 31. Rbe1 Qxb5 32. Ng4 Qb2 33. Nxf6 Qxf6
34. Re3 Rg8 35. Rg3 Reg7 36. Re1 b5 37. Ree3 Nb6 38. e5 dxe5 39. Qxe5 Qxe5 40.
Rxe5 Nc4 41. Re6 Rxg3 42. hxg3 Rxg3 43. f6 Kg8 44. Kf2 Rd3 45. Bf3 h5 46. Bxh5
Rxd5 47. Re8+ Kh7 48. f7 Rf5+ 49. Ke2 Kh6 50. f8=Q+ Rxf8 51. Rxf8 Kxh5 52. Rf5+
Kg6 53. Rxc5 Kf6 54. Rxb5 Ne5 55. Ke3 Nf7 56. Kf4 Nd6 57. Rh5 Nf7 58. Rf5+ Ke6
59. Ra5 Nd6 60. Kg5 Nf7+ 61. Kg6 Ne5+ 62. Kg5 1/2-1/2

[Event "4NCL Division 2b"]
[Site "Birmingham ENG"]
[Date "2015.02.14"]
[Round "5.8"]
[White "Moss, Guy"]
[Black "Willis, Rupert"]
[Result "1/2-1/2"]
[WhiteElo "2029"]
[BlackElo "2145"]
[PlyCount "72"]
[EventDate "2015.02.14"]

1. e4 g6 2. d4 Bg7 3. Nf3 d6 4. h3 Nf6 5. Nc3 O-O 6. Be3 a6 7. a4 Nc6 8. Be2 e5
9. dxe5 dxe5 10. Bc4 Qe7 11. O-O Qb4 12. Qe2 Qxb2 13. Nd5 Nxd5 14. Bxd5 Qc3 15.
Rab1 Nd4 16. Nxd4 exd4 17. Bd2 Qxc2 18. Rbc1 Qxa4 19. Rxc7 Be5 20. Rc4 Qd7 21.
Bh6 Re8 22. Qd2 b5 23. Rxd4 Bb7 24. f4 Bg7 25. Bxg7 Kxg7 26. Bb3 Qe7 27. Rd7
Qc5+ 28. Kh2 Re7 29. Bxf7 Rxf7 30. Rc1 Qb6 31. Rxf7+ Kxf7 32. Qd7+ Kf8 33. Rc7
Qf6 34. Rxb7 Qxf4+ 35. Kh1 Qf6 36. e5 Qf1+ 1/2-1/2

[Event "4NCL Division 2b"]
[Site "Birmingham ENG"]
[Date "2015.02.14"]
[Round "5.9"]
[White "Birtwistle, Nigel"]
[Black "Brett, Andrew"]
[Result "1/2-1/2"]
[WhiteElo "2131"]
[BlackElo "2118"]
[PlyCount "34"]
[EventDate "2015.02.14"]

1. d4 Nf6 2. c4 e6 3. Nf3 d5 4. Nc3 c6 5. cxd5 exd5 6. Bg5 Bf5 7. e3 h6 8. Bf4
Qb6 9. Qc1 Nbd7 10. h3 Be7 11. Be2 O-O 12. O-O Rac8 13. Ne5 Nxe5 14. Bxe5 Ne4
15. Bf3 Nxc3 16. Qxc3 Rfd8 17. Bg4 Bxg4 1/2-1/2

[Event "4NCL Division 2b"]
[Site "Birmingham ENG"]
[Date "2015.02.14"]
[Round "5.10"]
[White "Goldie, Thomas"]
[Black "McGowan, Daniel"]
[Result "1/2-1/2"]
[WhiteElo "2022"]
[BlackElo "2127"]
[PlyCount "48"]
[EventDate "2015.02.14"]

1. e4 e6 2. d4 d5 3. Nc3 Bb4 4. e5 c5 5. Bd2 Ne7 6. f4 Nbc6 7. Nb5 Bxd2+ 8.
Qxd2 Nxd4 9. Nxd4 cxd4 10. Nf3 Nc6 11. Nxd4 Qb6 12. c3 Nxd4 13. cxd4 Bd7 14.
Be2 O-O 15. O-O Rac8 16. Rac1 Rxc1 17. Rxc1 Rc8 18. Rxc8+ Bxc8 19. Qc3 Bd7 20.
Kf2 f6 21. b3 fxe5 22. fxe5 Qd8 23. g3 Qc8 24. Qxc8+ Bxc8 1/2-1/2

[Event "4NCL Division 2b"]
[Site "Birmingham ENG"]
[Date "2015.02.14"]
[Round "5.11"]
[White "Prior, Stephen"]
[Black "Stewart, Ashley"]
[Result "1/2-1/2"]
[WhiteElo "1997"]
[BlackElo "2063"]
[PlyCount "91"]
[EventDate "2015.02.14"]

1. e4 c5 2. Nf3 g6 3. Bc4 Bg7 4. c3 Nc6 5. d4 cxd4 6. cxd4 d6 7. O-O Nf6 8. e5
dxe5 9. Nxe5 O-O 10. Nxc6 bxc6 11. Nc3 Nd5 12. Ne4 Nb6 13. Bb3 Qxd4 14. Qxd4
Bxd4 15. Bg5 Re8 16. Rfe1 Ba6 17. Rac1 Bxb2 18. Rxc6 Kg7 19. Nc5 Bb5 20. Rc7
Rac8 21. Rxc8 Nxc8 22. a4 Bc6 23. Nd3 Ba3 24. Bxf7 Rd8 25. Bc4 Bd5 26. Ba6 Bf7
27. Ne5 Bb4 28. Nxf7 Kxf7 29. Bc4+ Kg7 30. Rb1 a5 31. h4 h6 32. Be3 Nd6 33. Rd1
Rc8 34. Be6 Rc2 35. Bb3 Rc8 36. Rc1 Rxc1+ 37. Bxc1 Ne4 38. Bf4 Bc5 39. Be5+ Kf8
40. Bc2 Nxf2 41. Bc7 Ng4+ 42. Kh1 Bb4 43. Bxg6 e5 44. Kg1 Ke7 45. Kf1 Kd7 46.
Bf5+ 1/2-1/2

[Event "4NCL Division 2b"]
[Site "Birmingham ENG"]
[Date "2015.02.14"]
[Round "5.12"]
[White "Regan, Natasha"]
[Black "Gorol, Magdalena"]
[Result "1-0"]
[WhiteElo "2052"]
[BlackElo "1803"]
[PlyCount "61"]
[EventDate "2015.02.14"]

1. f4 d5 2. Nf3 g6 3. g3 c6 4. Bg2 Bg7 5. Nc3 Nh6 6. d3 f6 7. O-O O-O 8. Qe1
Nf7 9. e4 d4 10. Ne2 e5 11. h3 c5 12. g4 Nc6 13. a3 a5 14. Qg3 Bd7 15. h4 Qc8
16. g5 Bg4 17. gxf6 Bxf6 18. f5 Bh5 19. fxg6 hxg6 20. Bh3 Qd8 21. Kh2 Kh7 22.
Bg4 Bxg4 23. Qxg4 Rh8 24. h5 Ne7 25. Qe6 Kg7 26. Ng5 Rxh5+ 27. Kg2 Nxg5 28.
Qxf6+ Kh6 29. Ng3 Ra6 30. Bxg5+ Rxg5 31. Rh1+ 1-0